| 000 | 00841cam a2200325Ia 4500 | ||
|---|---|---|---|
| 020 | _a0393975657 | ||
| 020 | _a9780393975659 | ||
| 020 | _a0393975665 | ||
| 020 | _a9780393975666 | ||
| 020 | _a0393975673 | ||
| 020 | _a9780393975673 | ||
| 020 | _a0393975681 | ||
| 020 | _a9780393975680 | ||
| 020 | _a039397569X | ||
| 020 | _a9780393975697 | ||
| 020 | _a0393975703 | ||
| 020 | _a9780393975703 | ||
| 040 | _cSMX | ||
| 082 | 4 | _a820 NOR 2000 A094 Or. | |
| 245 | 0 | 4 | _aThe Norton anthology of English literature / |
| 246 | 3 | 0 | _aAnthology of English literature |
| 250 | _a7th ed. | ||
| 260 |
_aNew York : _bNorton, _c℗♭2000- |
||
| 300 |
_a6 volumes : _bmaps ; _c25 cm |
||
| 500 | _aMaps on lining papers. | ||
| 650 | 0 | _aEnglish literature. | |
| 700 | 1 | _aAbrams, M. H. | |
| 700 | 1 | _aGreenblatt, Stephen, | |
| 942 | _cEK | ||
| 999 |
_c12756 _d12756 |
||